Liste des 20 pays par PIB / habitants - Statistiques

Statistiques générales
  • Ce quiz a été pris 439 fois
  • Le résultat moyen est 12 sur 20
Statistiques - réponses
PIB/HABITANTS Pays % Correct
59 495 États-Unis
95%
61 360 Suisse
85%
109 192 Luxembourg
74%
70 590 Norvège
74%
51 264 Suède
74%
50 206 Allemagne
71%
124 927 Qatar
63%
49 613 Danemark
61%
90 531 Singapour
61%
68 245 Emirats
59%
53 582 Pays bas
59%
55 263 Arabie saoudite
55%
49 882 Australie
53%
72 632 Irlande
51%
52 150 Islande
48%
69 669 Koweit
44%
49 247 Autriche
38%
51 846 Bahreïn
37%
49 827 Taiwan
34%
76 743 Brunei
27%
Aucun quiz correspondant
Distribution des résultats
% des personnes avec chaque résultat
Percentile par nombre de réponses
Votre historique - résultats
Vous n’avez pas pris ce quiz